00967nam a2200181 a 450000100100000000500170001000800410002704000250006811000840009324500780017726000810025530000200033604900090035695201170036595201750048295201110065799900170076800002743320200930030830.0110331s1917 dr 000 0 spa d aDO-SdBNPbspacBNPHU1 aRepública DominicanabSuperitendencia General de Enseñanza Pública95450210aPlan de estudios y programas para las escuelas primarias diurnas urbanas. aSanto Domingo :bSuperitendencia General de Enseñanza Pública,c[1917?]. a87 p. ;c21 cm. aBNPD 001054708RVaGRbGRcHDd2011-06-21iLF1l0o p27433-30r2020-06-25te. 3w2020-06-25y4ZPréstamo en sala 001050718RVaPDbPDcHDd2011-03-31iLF1l0o p27433-10r2020-06-25w2020-06-25y1zPerteneció a la biblioteca personal de Carlos Larrazábal Blanco.ZNo se presta 001050718RVaPDbPDcHDd2011-04-11iLF1l0o p27433-20r2020-06-25te. 2w2020-06-25y1ZNo se presta c26925d26925